1319 1319 1539 1809 1947 1978 1177 1021 1120 1348 1642 1871 1546 1719 1162 1460 1156 1626 1539 1273 1615 1794 1904 1483 1303 1431 1100 1974 1013 1669 1067 1657 1909 1920 1717 1933 1443 1124 1541 1370 1438 1791 1103 1185 1456 1292 1983 1748 1231 1338 1861 1279 1998 1651 1009 1383 1823 1987 1938 1042 1026 1918 1283 1901 1332 1462 1509 1497 1143 1045 1168 1602 1602 1917 1761 1933 1293 1797 1514 1090 1936 1039 1293 1952 1685 1591 1426 1844 1782 1566 1720 1330 1348 1590 1825 1709 1233 1205 1285 BCNSPRNW ULIB Ver.6.0+V

เปลี่ยนเป็นภาษาไทย

Change to English
 แสดงรายละเอียดบรรณานุกรม
  กลับหน้าหลัก

Brief Record : Get Marc (ISO 2709) : E-mail record : QR code < ปิดหน้าต่าง
LEADER : 00000nam 2200000uu 4500
001    13399110205
003     ULIB
008    110425s2551||||th 000 0 tha d
020    9789741654512
060 04 WL346^bส984อ 2551
100 0  โสภา พิชัยยงค์วงศ์ดี
245 10 ออกกำลังกายพิชิตอัมพาตครึ่งซีก /^cโสภา พิชัยยงค์วงศ์ดี
250    พิมพ์ครั้งที่ 1
260    กรุงเทพฯ :^bหมอชาวบ้าน,^c2551
300    101 หน้า :^bภาพประกอบ
650  7 อัมพาตครึ่งซีก^xรักษา
650  7 ออกกำลังกาย^xอัมพาต
945    ^p115^l0^i027262
945    ^p115^l0^i027261
945    ^p115^l0^i024830
945    ^p115^l0^i024829
945    ^p115^l0^i024827
945    ^p115^l0^i027263
945    ^p115^l0^i024828
995    ทศพร
999 ^a ใช้งานได้ทุกระบบ
รายการนี้ยังไม่มีแท็ก
คุณยังไม่ได้ล็อกอิน คุณสามารถมีกิจกรรมร่วมกับเว็บไซต์ได้ แต่ต้องล็อกอินก่อน ::
  ล็อกอิน

รายการสื่อสารสนเทศ

ลำดับที่ ประเภท เลขเรียก/บาร์โค้ด สถานที่ สถานะ
- ไม่พบข้อมูล -

รายการใกล้เคียง
    ผู้แต่ง [โสภา พิชัยยงค์วงศ์ดี]

BibComment


ยังไม่เคยถูกคอมเมนท์

คอมเมนท์ทรัพยากรรายการนี้
  คอมเมนท์: ออกกำลังกายพิชิตอ..


 Copyright 2026. Bcnsprnw @Library